|
|
|
|
| LEADER |
00000naa a2200000 c 4500 |
| 001 |
1946027073 |
| 003 |
DE-627 |
| 005 |
20251215082056.0 |
| 007 |
tu |
| 008 |
251215s1999 xx ||||| o 00| ||ger c |
| 035 |
|
|
|a (DE-627)1946027073
|
| 035 |
|
|
|a (DE-599)KXP1946027073
|
| 040 |
|
|
|a DE-627
|b ger
|c DE-627
|e rda
|
| 041 |
|
|
|a ger
|
| 084 |
|
|
|a 2,1
|2 ssgn
|
| 100 |
1 |
|
|a Pressel, Sabina
|e VerfasserIn
|4 aut
|
| 245 |
1 |
0 |
|a [Rezension von: Ambos, Kai, 1965-, Straflosigkeit von Menschenrechtsverletzungen]
|c Sabina Pressel/Cornelius Prittwitz, Rostock
|
| 264 |
|
1 |
|c 1999
|
| 336 |
|
|
|a Text
|b txt
|2 rdacontent
|
| 337 |
|
|
|a ohne Hilfsmittel zu benutzen
|b n
|2 rdamedia
|
| 338 |
|
|
|a Band
|b nc
|2 rdacarrier
|
| 655 |
|
7 |
|a Rezension
|0 (DE-588)4049712-4
|0 (DE-627)106186019
|0 (DE-576)209083166
|2 gnd-content
|
| 700 |
1 |
|
|a Prittwitz, Cornelius
|d 1953-
|e VerfasserIn
|0 (DE-588)132681021
|0 (DE-627)525179747
|0 (DE-576)162618476
|4 aut
|
| 700 |
1 |
|
|a Ambos, Kai
|d 1965-
|e VerfasserIn des Bezugswerks
|0 (DE-588)124992935
|0 (DE-627)369631005
|0 (DE-576)166098973
|4 ant
|
| 773 |
0 |
8 |
|i Enthalten in
|t Kriminologisches Journal
|d Weinheim : Beltz Juventa, 1969
|g 31(1999), 2, Seite 142-145
|w (DE-627)130092207
|w (DE-600)500591-7
|w (DE-576)018208223
|x 0341-1966
|7 nnas
|
| 773 |
1 |
8 |
|g volume:31
|g year:1999
|g number:2
|g pages:142-145
|
| 787 |
0 |
8 |
|i Rezension von
|a Ambos, Kai, 1965 -
|t Straflosigkeit von Menschenrechtsverletzungen
|d Freiburg im Breisgau : Ed. Iuscrim, Max-Planck-Inst. für Ausländisches und Internat. Strafrecht, 1997
|h XXXV, 439 S.
|w (DE-627)273700499
|w (DE-576)055654517
|z 3861139677
|
| 951 |
|
|
|a AR
|
| ELC |
|
|
|b 1
|
| LOK |
|
|
|0 000 xxxxxcx a22 zn 4500
|
| LOK |
|
|
|0 001 4827995885
|
| LOK |
|
|
|0 003 DE-627
|
| LOK |
|
|
|0 004 1946027073
|
| LOK |
|
|
|0 005 20251215082056
|
| LOK |
|
|
|0 008 251215||||||||||||||||ger|||||||
|
| LOK |
|
|
|0 040
|a DE-2619
|c DE-627
|d DE-2619
|
| LOK |
|
|
|0 092
|o n
|
| LOK |
|
|
|0 852
|a DE-2619
|
| LOK |
|
|
|0 852 1
|9 00
|
| LOK |
|
|
|0 939
|a 15-12-25
|b l01
|
| ORI |
|
|
|a SA-MARC-krimdoka001.raw
|